Länder mit weißer Flagge - Statistiken

Allgemein
  • Dieses Quiz wurde 132 mal gespielt
    123 seit der letzten Aktualisierung
  • Das Durchschnittsergebnis liegt bei 13 aus 20
Answers on the Grid
Answers color-coded by a green-red scale on the quiz's grid according to % correct below.
Italien
Frankreich
Deutschland
Kiribati
Nigeria
China
Ecuador
Venezuela
Türkei
Ungarn
Rumänien
Russland
Schweden
Marokko
Algerien
Ägypten
Palau
Tonga
Belgien
Monaco
Georgien
Armenien
Nordkorea
USA
Mexiko
Namibia
Somalia
Äthiopien
Uganda
Jamaika
 
Antwortstatistiken
Antwort % Korrekt
Frankreich
96%
Italien
95%
Russland
91%
Türkei
83%
USA
82%
Monaco
78%
Ungarn
77%
Nigeria
76%
Georgien
69%
Mexiko
69%
Algerien
68%
Ägypten
66%
Nordkorea
62%
Somalia
51%
Tonga
41%
Namibia
39%
Kiribati
38%
Venezuela
33%
Uganda
31%
Ecuador
27%
Keine übereinstimmenden Quizze gefunden
Verteilung der Resultate
Anzahl Personen mit jedem Resultat
Perzentil nach korrekt beantworteten Fragen
Ihre Resultats-Entwicklung
Sie haben dieses Quiz seit der letzten Aktualisierung nicht gespielt